Una teoría de las migraciones /

Αποθηκεύτηκε σε:
Λεπτομέρειες βιβλιογραφικής εγγραφής
Κύριος συγγραφέας: Lee, Everett S.
Μορφή: Κείμενο
Ετικέτες: Προσθήκη ετικέτας
Δεν υπάρχουν, Καταχωρήστε ετικέτα πρώτοι!

MARC

LEADER 00000 a a2200000 04500
001 43560
003
040
100 |a Lee, Everett S.  
245 |a Una teoría de las migraciones /  |c Everett S. Lee  
773 |g páginas 107-127  
999 |c 38984  |d 38984